000 00365nam a2200157Ia 4500
100 _aToh/C.K
650 _aWireless
942 _cBK
366 _f25
654 _aWireless networks
245 _aAdhoc mobile wireless networks:protocols and systems
260 _bPearson Eduation
_c2016
082 _a3.3
_bTOH
300 _a294
546 _aENGLISH
_cComputers
999 _c28822
_d28822